Tiempos sin fin.
Kaydedildi:
| Yazar: | |
|---|---|
| Diğer Yazarlar: | |
| Materyal Türü: | Bilinmiyor |
| Dil: | İngilizce |
| Baskı/Yayın Bilgisi: |
[Santiago, Chile]:
Ediciones Bastante,
2018.
|
| Seri Bilgileri: | Ensayo.
|
| Konular: | |
| Etiketler: |
Etiketle
Etiket eklenmemiş, İlk siz ekleyin!
|
MARC
| LEADER | 00000 a2200000 4500 | ||
|---|---|---|---|
| 003 | CL-VaPUC | ||
| 005 | 20241015094745.0 | ||
| 008 | 240927t2018 ||||| |||| 00| 0 eng d | ||
| 999 | |c 444443 |d 444441 | ||
| 020 | |a 978-956-9467-12-7 | ||
| 040 | |c Pontificia Universidad Católica de Valparaíso | ||
| 082 | |2 22 |a 808.81009 CLA 2018 | ||
| 100 | |a Claro, Andrés |9 890641 |e autor | ||
| 245 | |a Tiempos sin fin. | ||
| 260 | |a [Santiago, Chile]: |b Ediciones Bastante, |c 2018. | ||
| 300 | |a 152 páginas. | ||
| 490 | |a Ensayo. | ||
| 583 | |k Yessy Díaz Vidal |c 20240927 | ||
| 600 | 0 | |9 267078 |a Horacio |x Poeta latino |v Crítica e interpretación | |
| 600 | 0 | |9 891789 |a Wei, Wang, |d 701- 761 |x Poeta chino |v Crítica e interpretación | |
| 600 | 0 | |9 891790 |a Cavafis, Constantino, |d 1863-1933 |x Poeta griego |v Crítica e interpretación | |
| 600 | 0 | |9 891791 |a Elliot, T.S., |d 1888-1965 |x Poeta británico | |
| 650 | 0 | |9 372646 |a Poemas |x Literatura clásica |x Análisis lingüístico y cultural | |
| 700 | |9 891787 |a Téllez, Eugenio |e imagen de portada | ||
| 942 | |2 ddc |c BK | ||
| 952 | |0 0 |1 0 |2 ddc |4 0 |6 808_810090000000000_CLA_2018 |7 0 |8 A |9 596993 |a BIBART |b BIBART |d 2024-09-26 |e 3 |g 9356.97 |i 5662838 |o 808.81009 CLA 2018 |p 5662838 |r 2025-03-13 |t 1 |v 9356.97 |w 2024-09-26 |y BK |k ART | ||
| 952 | |0 0 |1 0 |2 ddc |4 0 |6 808_810090000000000_CLA_2018 |7 0 |8 A |9 596994 |a BIBART |b BIBART |d 2024-09-26 |e 3 |g 9356.97 |i 5662839 |o 808.81009 CLA 2018 |p 5662839 |r 2025-03-13 |t 2 |v 9356.97 |w 2024-09-26 |y BK |k ART | ||